Zákon o cezhraničnej spolupráci
Komentár k zákonu o cezhraničnej spolupráci pri vysielaní zamestnancov na výkon prác pri poskytovaní služieb a o zmene a doplnení niektorých zákonov v platnom znení.
Salvato in:
| Autore principale: | |
|---|---|
| Natura: | Capitolo di libro |
| Lingua: | slovacco |
| Soggetti: | |
| Tags: |
Nessun Tag, puoi essere il primo ad aggiungerne!!
|
MARC
| LEADER | 00000naa a2200000 4500 | ||
|---|---|---|---|
| 001 | 0289245 | ||
| 005 | 20240417075220.7 | ||
| 041 | 0 | |a slo | |
| 044 | |a SK | ||
| 245 | 1 | 0 | |a Zákon o cezhraničnej spolupráci |c Petra Čičkánová |
| 520 | |a Komentár k zákonu o cezhraničnej spolupráci pri vysielaní zamestnancov na výkon prác pri poskytovaní služieb a o zmene a doplnení niektorých zákonov v platnom znení. | ||
| 610 | 2 | 0 | |a zákony |
| 610 | 2 | 0 | |a právo |
| 610 | 2 | 0 | |a legislatíva |
| 610 | 2 | 0 | |a komentáre |
| 610 | 2 | 0 | |a zamestnanci |
| 610 | 2 | 0 | |a zamestnávatelia |
| 610 | 2 | 0 | |a spolupráca cezhraničná |
| 100 | 1 | |a Čičkánová, Petra | |